000 00530nam a2200181Ia 4500
008 100917s9999 xx 000 0 und d
082 _b12739
100 _aभावे म. पां.
245 _aअचूम निवड
260 _bअरगडे , कुलकर्णी प्रकाशन
_c1972
300 _a66
365 _b2
520 _aबालविभाग
630 _aअचूम निवड
650 _aबालविभाग
730 _aअचूम निवड
942 _cBOOK
999 _c618133
_d618130